000 00374nam a2200145 i 4500
001 bg
100 1 _aPACZEŚNIAK, Jerzy.
245 0 _aProjektowanie okrętów.
_nCz.1 /
_cJerzy Pacześniak, Janusz Staszewski.
260 _aGdańsk,
_c1977.
700 1 _aSTASZEWSKI, Janusz.
040 _cBPK
041 _apol
942 _cKS
008 s pl f |000 0 pol
999 _c17360
_d17360
856 _uhttp://koha.tu.koszalin.pl/cgi-bin/koha/opac-detail.pl?biblionumber=17360
_yKatalog online BPK